| 000 | 01201cam a2200229 4500 | ||
|---|---|---|---|
| 001 | WB4014-03 | ||
| 008 | 040408n2004 000 0 eng u | ||
| 035 | _a(Sirsi) u125807 | ||
| 245 | _aEnglish Heritage begins radical overhaul of listed building system | ||
| 260 | _c2004 | ||
| 490 |
_aBuilding _v269 (8327) 8 April 2004, 16(1) |
||
| 520 | _aEnglish Heritage announces the launch of 15 pilot projects across England and Wales to test changes to the listing system. The aim of this is to simplify heritage protection by amalgamating statutory protection measures including listing historic building and registering parks, gardens and battlefields. The Department of Culture, Media and Sport plans to put the results of the pilot projects into a policy paper to be published at the end of this year. For the English Heritage News item: http://www.english-heritage.org.uk/default.asp?wci =mainframe&URL1=default.asp%3FWCI%3DNode%26WCE%3D7 282 | ||
| 590 | _aWB | ||
| 590 | _aWB | ||
| 650 | _aENGLISH HERITAGE | ||
| 650 | _aHERITAGE PROTECTION | ||
| 650 | _aHISTORIC BUILDINGS | ||
| 650 | _aPILOT PROJECT | ||
| 650 | _aLOCAL AUTHORITIES | ||
| 690 | _aBUILDING CONSERVATION | ||
| 942 | _n0 | ||
| 999 |
_c117192 _d117192 |
||